Central Library OPAC University of Rajshahi

Chemistry / (Record no. 84130)

MARC details
000 -LEADER
fixed length control field 00659nam a22002171 4500
001 - CONTROL NUMBER
control field 84130
003 - CONTROL NUMBER IDENTIFIER
rucl marc code BD-RjUL
005 - DATE AND TIME OF LATEST TRANSACTION
control field 20241020115445.0
008 - FIXED-LENGTH DATA ELEMENTS--GENERAL INFORMATION
fixed length control field 241020s1967 nyua 000 0 eng
035 ## - SYSTEM CONTROL NUMBER
System control number (BD-RjUL)84130
040 ## - CATALOGING SOURCE
Original cataloging agency DLC
Transcribing agency DLC
Modifying agency DLC
-- BD-RjUL
Language of cataloging eng
041 ## - LANGUAGE CODE
Language code of text/sound track or separate title eng
082 00 - DEWEY DECIMAL CLASSIFICATION NUMBER
Edition number 23
Classification number 540
Author mark and year SIC 1967
100 1# - MAIN ENTRY--PERSONAL NAME
Personal name Siebring, B. Richard.
9 (RLIN) 13854
245 00 - TITLE STATEMENT
Title Chemistry /
Statement of responsibility, etc. [by] B. Richard Siebring.
260 ## - PUBLICATION, DISTRIBUTION, ETC. (IMPRINT)
Place of publication, distribution, etc. New York :
Name of publisher, distributor, etc. Macmillan,
Date of publication, distribution, etc. 1967.
300 ## - PHYSICAL DESCRIPTION
Pagination viii, 743 p.:
Illustrations illus.;
Size 24 cm.
500 ## - GENERAL NOTE
General note "Experimental edition, entitled A study guide for general chemistry. Copyright 1963 and 1965."
650 #0 - SUBJECT ADDED ENTRY--TOPICAL TERM
Topical term or geographic name as entry element Chemistry.
942 ## - ADDED ENTRY ELEMENTS (KOHA)
Source of classification or shelving scheme Dewey Decimal Classification
Koha item type Books
Holdings
Lost status Source of classification or shelving scheme Damaged status Not for loan Collection code Permanent Location Current Location Shelving location Date acquired Source of acquisition Total Checkouts Full call number Date last seen Copy number Koha item type
  Dewey Decimal Classification   Not For Loan Non-fiction Central Library, University of Rajshahi Central Library, University of Rajshahi Reading Room 25/09/2024 R.U.   540 SIC 1967 20/10/2024 C-1 Books